000 00541nam a2200181Ia 4500
001 8768
005 20260306160634.0
008 260306t2006||||xx |||||||||||||| ||spa||
041 _aESP
082 _a371.33
_bF85E
100 _aFrostig, Marianne
_eAUT
245 0 _aFiguras y formas. Nivel elemental:
_bprograma para el desarrollo de la percepción visual y el aprestamiento preescolar: corporal, objetal y gráfico
260 _c2006
300 _a80 páginas :
_c28 cm.
650 _aGEN
654 _aCED
942 _cLIB
_dJUS
_fJUS
_2ddc
_n
999 _c8768
_d8768